Southville International School and Colleges
Your cart is empty.
  • Cart
  • Lists
    Public lists Eva Luna New books Lux_list list_1
    Your lists Log in to create your own lists
  • Log in to your account
  • Your cookies
  • Search history
Southville International School and Colleges
  • Advanced search
  • Recent comments
  • Most popular
  • Libraries

Log in to your account

Log in with GOOGLE


If you do not have an external account, but do have a local account, you can still log in:

  1. Home
  2. MARC view: Research methods for business :
Normal view MARC view ISBD view

Research methods for business : (Record no. 14993)

[ view plain ]
MARC details
000 -LEADER
fixed length control field 00508nam a22001697a 4500
003 - CONTROL NUMBER IDENTIFIER
control field PILC
005 - DATE AND TIME OF LATEST TRANSACTION
control field 20150112093448.0
008 - FIXED-LENGTH DATA ELEMENTS--GENERAL INFORMATION
fixed length control field 131018t xxu||||| |||| 00| 0 eng d
020 ## - INTERNATIONAL STANDARD BOOK NUMBER
International Standard Book Number 9814126748
050 ## - LIBRARY OF CONGRESS CALL NUMBER
Classification number HD 30.4
Item number .Se463 2005
100 ## - MAIN ENTRY--PERSONAL NAME
Personal name Sekaran, Uma
9 (RLIN) 30020
245 ## - TITLE STATEMENT
Title Research methods for business :
Remainder of title a skill building approach /
Statement of responsibility, etc Uma Sekaran.
250 ## - EDITION STATEMENT
Edition statement 4th ed.
260 ## - PUBLICATION, DISTRIBUTION, ETC. (IMPRINT)
Place of publication, distribution, etc Singapore ;
Name of publisher, distributor, etc John Wiley & Sons, Inc.,
-- yz2005.
300 ## - PHYSICAL DESCRIPTION
Extent 450 pages :
Other physical details illustration ;
Dimensions 26 cm.
942 ## - ADDED ENTRY ELEMENTS (KOHA)
Source of classification or shelving scheme Library of Congress Classification
Koha item type Books
Holdings
Withdrawn status Lost status Source of classification or shelving scheme Damaged status Home library Current library Shelving location Date acquired Total Checkouts Total Renewals Full call number Barcode Date last seen Date checked out Copy number Price effective from Koha item type
    Library of Congress Classification   Southville International School Affiliated with Foreign Universities Library Southville International School Affiliated with Foreign Universities Library Southville Foreign University Section 10/18/2013 3 2 HD 30.4 .Se463 2005 SFU1707 05/15/2018 01/17/2018 1 10/18/2013 Books

Research methods for business :

APA

Sekaran U., .Research methods for business. Singapore: John Wiley & Sons, Inc.

Chicago

Sekaran Uma, .Research methods for business. Singapore: John Wiley & Sons, Inc.

Harvard

Sekaran U., .Research methods for business. Singapore: John Wiley & Sons, Inc.

MLA

Sekaran Uma, .Singapore: John Wiley & Sons, Inc. .

  • Place hold
  • Print
  • Cite
  • Add to your cart (remove)
  • Save record
    BIBTEX Dublin Core MARCXML MARC (non-Unicode/MARC-8) MARC (Unicode/UTF-8) MARC (Unicode/UTF-8, Standard) MODS (XML) RIS
  • More searches
    Search for this title in:
    Other Libraries (WorldCat) Other Databases (Google Scholar) Online Stores (Bookfinder.com) Open Library (openlibrary.org)

Exporting to Dublin Core...

SOUTHVILLE LIBRARY

Southville International School and Colleges Library

1281 Tropical Ave. Cor. Luxembourg St., BF Homes International, Las Pinas City

Tel. No. 8256374 / 252358 Loc. 117/146

Powered by Koha